002140000a220007300045001000019000002450071000193000037000907730013001271 aAthyal, Saphir10aHolistic development in India with a good script and a tape player aNúm 57 (1998), Páginas 19-230 tTogether